Estadísticas para Siglo XIII

Haz click aquí para intentar la prueba.

Estadísticas generales

  • Esta prueba ha sido intentada 50 veces
  • La puntuación promedio es 11 de 18

Estadísticas de respuestas

AñoDescripciónRespuesta% Correcto
1299Este imperio es fundado por Osmán I en la actual TurquíaImperio Otomano
100%
1215El rey Juan I de Inglaterra es obligado a firmar esta "Gran Carta"Carta {Magna}
81%
1271Este explorador veneciano se embarca en un viaje épico a ChinaMarco Polo
81%
1206-1227Este Kan mongol conquista gran parte de Asia CentralGenghis Kan
79%
1258Los mongoles saquean esta capital de Oriente Medio y ponen fin al Siglo de Oro islámicoBaghdad
77%
1274-1281
Los mongoles intentan una conquista naval de esta nación, pero son dos veces dispersados por tifones.
Japón
77%
1209Este santo empobrecido funda la orden de frailes menoresSan {Francisco} de Asís
77%
1282Este país británico es conquistado por Edward LongshanksGales
74%
1209Esta universidad, la segunda más antigua de Inglaterra, se fundaCambridge
70%
1291Tres cantones forman una confederación que acabaría convirtiéndose
en esta nación moderna
Suiza
65%
1204
Esta ciudad, la más grande de la cristiandad, es conquistada por caballeros latinos durante la Cuarta Cruzada
Constantinopla
58%
1245Comienza la construcción de esta abadía londinense, lugar de enterramiento de monarcasWestminster
58%
1276Esta casa real llega al poder en Austria, una posición que retendrían
durante más de 600 años.
Habsburgo
56%
1297Este comandante escocés derrota a las fuerzas inglesas en la Batalla del Puente de StirlingWilliam Wallace
44%
1287Una enorme inundación crea el Zuider Zee, dando a esta ciudad acceso al marÁmsterdam
37%
1225Nace este filósofo católico. Más tarde sería conocido como
"Doctor de la Iglesia".
Tomás de Aquino
30%
1271Este Kan mongol conquista China, formando la dinastía YuanKublai Kan
26%
1215Este estilo de budismo se lleva de China a JapónZen
14%

Distribución de puntuación

Porcentaje por número respondido

Porcentaje de gente con cada puntuación

Historial de tus puntuaciones

No has intentado esta prueba.